| 000 | 00588nam a2200193 i 4500 | ||
|---|---|---|---|
| 001 | 124383 | ||
| 003 | ES-MaACL | ||
| 007 | t| | ||
| 008 | 070322s1928 sp ||||1| spa d | ||
| 100 | 1 |
_aFerrandis Torres, José. _950267 |
|
| 245 | 1 | 0 |
_aMarfiles y azabaches españoles / _cpor José Ferrandis. |
| 260 |
_aBarcelona : _bLabor, _c[1928] |
||
| 300 |
_a263 p., LXXXVIII p. de lám ; _c17 cm. |
||
| 490 | 1 |
_aColección Labor ; _v159, 160 |
|
| 650 | 1 | 4 |
_aMarfiles- _zEspaña. _914775 |
| 830 | 0 | 0 |
_aColección Labor _v159, 160 _9184254 |
| 852 |
_aES-MaACL _jE-2682 |
||
| 999 |
_c124383 _d124383 |
||